Integración y series

Salvato in:
Dettagli Bibliografici
Autore principale: Martínez Yáñez, Carlos Alberto (autor)
Natura: Libro
Lingua:spagnolo
Pubblicazione: Valparaíso Universidad Católica de Valparaíso 2008
Edizione:3a. ed
Soggetti:
Tags: Aggiungi Tag
Nessun Tag, puoi essere il primo ad aggiungerne!!

MARC

LEADER 00000nam a2200000 a 4500
001 UCH8633
003 CL-VaPUC
005 20241204122902.0
008 091203e20080000CL |||||||||||||||||spa|d
999 |c 338843  |d 338841 
040 |c Pontificia Universidad Católica de Valparaíso 
082 0 4 |a 515.43  |b MAR  |2 21 
100 |a Martínez Yáñez, Carlos Alberto  |e autor  |9 775858 
245 1 0 |a Integración y series 
250 |a 3a. ed 
260 |a Valparaíso  |b Universidad Católica de Valparaíso  |c 2008 
300 |a 304 p 
583 |a last modification  |c 20091203 00:00:00  |k Rodrigo Vera 
650 0 |a Cálculo integral  |x Series (Matemáticas)  |9 260245 
650 7 |a Algebra  |x Análisis matemático  |2 CL-VaPUC  |9 425368 
650 0 |a Trigonometría  |x Funciones matemática  |9 260233 
650 0 |a Sistema cartesiano  |9 260465 
942 |c BK  |2 ddc 
945 |d 20091203 00:00:00  |a rbrito 
952 |0 0  |1 0  |4 0  |6 515_430000000000000_MAR_2008  |7 0  |8 R  |9 431992  |a BIBING  |b BIBING  |d 2019-11-22  |i 4623649  |l 1  |m 4  |o 515.43 MAR 2008  |p 4623649  |q 2025-12-31  |r 2020-07-28  |s 2020-07-28  |w 2019-11-22  |y BK_R  |k TRA 
952 |0 0  |1 0  |4 0  |6 515_430000000000000_MAR_2008  |7 0  |8 A  |9 431996  |a BIBCUR  |b BIBCUR  |d 2019-11-22  |i 4687973  |l 4  |m 2  |o 515.43 MAR 2008  |p 4687973  |r 2025-04-22  |s 2024-11-11  |w 2019-11-22  |y BK  |k BCB 
952 |0 0  |1 0  |4 0  |6 515_430000000000000_MAR_2008  |7 0  |8 A  |9 431997  |a BIBCUR  |b BIBCUR  |d 2019-11-22  |i 4687981  |l 8  |m 3  |o 515.43 MAR 2008  |p 4687981  |r 2025-04-22  |s 2024-11-26  |w 2019-11-22  |y BK  |k BCB 
952 |0 0  |1 0  |4 0  |6 515_430000000000000_MAR_2008  |7 0  |8 A  |9 431998  |a BIBCUR  |b BIBCUR  |d 2019-11-22  |i 468799K  |o 515.43 MAR 2008  |p 468799K  |r 2025-04-22  |w 2019-11-22  |y BK  |k BCB 
952 |0 0  |1 0  |4 0  |6 515_430000000000000_MAR_2008  |7 0  |8 A  |9 431999  |a BIBCUR  |b BIBCUR  |d 2019-11-22  |i 4688007  |l 5  |m 2  |o 515.43 MAR 2008  |p 4688007  |r 2025-04-22  |s 2024-09-23  |w 2019-11-22  |y BK  |k BCB 
952 |0 0  |1 0  |4 0  |6 515_430000000000000_MAR_2008  |7 0  |8 A  |9 432000  |a BIBCUR  |b BIBCUR  |d 2019-11-22  |i 4687949  |l 2  |m 1  |o 515.43 MAR 2008  |p 4687949  |r 2025-04-22  |s 2022-09-13  |w 2019-11-22  |y BK  |k BCB 
952 |0 0  |1 0  |4 0  |6 515_430000000000000_MAR_2008  |7 0  |8 A  |9 432001  |a BIBCUR  |b BIBCUR  |d 2019-11-22  |i 4687957  |l 6  |m 1  |o 515.43 MAR 2008  |p 4687957  |r 2025-04-22  |s 2024-10-15  |w 2019-11-22  |y BK  |k BCB 
952 |0 0  |1 0  |4 0  |6 515_430000000000000_MAR_2008  |7 0  |8 A  |9 432002  |a BIBCUR  |b BIBCUR  |d 2019-11-22  |i 4687965  |l 7  |m 4  |o 515.43 MAR 2008  |p 4687965  |r 2025-04-22  |s 2024-11-21  |w 2019-11-22  |y BK  |k BCB 
952 |0 0  |1 0  |4 0  |6 515_430000000000000_MAR_2008  |7 0  |8 A  |9 432003  |a BIBCUR  |b BIBCUR  |d 2019-11-22  |i 4688015  |l 1  |m 2  |o 515.43 MAR 2008  |p 4688015  |r 2025-04-22  |s 2024-10-15  |w 2019-11-22  |y BK  |k BCB 
952 |0 0  |1 0  |4 0  |6 515_430000000000000_MAR_2008  |7 0  |8 A  |9 432004  |a BIBCUR  |b BIBCUR  |d 2019-11-22  |i 4687922  |l 5  |o 515.43 MAR 2008  |p 4687922  |r 2025-04-22  |s 2024-09-02  |w 2019-11-22  |y BK  |k BCB 
952 |0 0  |1 0  |4 0  |6 515_430000000000000_MAR_2008  |7 0  |8 A  |9 432005  |a BIBCUR  |b BIBCUR  |d 2019-11-22  |i 4687930  |l 5  |m 1  |o 515.43 MAR 2008  |p 4687930  |r 2025-04-22  |s 2024-11-22  |w 2019-11-22  |y BK  |k BCB 
952 |0 0  |1 0  |2 ddc  |4 0  |6 515_430000000000000_MAR_2008  |7 0  |8 A  |9 432006  |a BIBING  |b BIBING  |c RES  |d 2019-11-22  |i 4699548  |l 1  |o 515.43 MAR 2008  |p 4699548  |r 2025-01-20  |s 2022-05-13  |w 2019-11-22  |y BK  |k EIE 
952 |0 0  |1 0  |2 ddc  |4 0  |6 515_430000000000000_MAR_2008  |7 0  |8 A  |9 432007  |a BIBING  |b BIBING  |c RES  |d 2019-11-22  |i 4699556  |o 515.43 MAR 2008  |p 4699556  |r 2025-01-20  |w 2019-11-22  |y BK  |k EIE 
952 |0 0  |1 0  |2 ddc  |4 0  |6 515_430000000000000_MAR_2008  |7 0  |8 A  |9 432008  |a BIBING  |b BIBING  |c RES  |d 2019-11-22  |i 4699564  |l 1  |o 515.43 MAR 2008  |p 4699564  |q 2023-12-15  |r 2023-11-14  |s 2023-11-14  |w 2019-11-22  |y BK  |k EIE 
952 |0 0  |1 0  |2 ddc  |4 0  |6 515_430000000000000_MAR_2008  |7 0  |8 A  |9 432009  |a BIBING  |b BIBING  |c RES  |d 2019-11-22  |i 4699572  |l 1  |o 515.43 MAR 2008  |p 4699572  |r 2025-01-20  |s 2023-11-23  |w 2019-11-22  |y BK  |k EIE 
952 |0 0  |1 0  |2 ddc  |4 0  |6 515_430000000000000_MAR_2008  |7 0  |8 A  |9 432010  |a BIBING  |b BIBING  |c RES  |d 2019-11-22  |i 4699580  |l 3  |o 515.43 MAR 2008  |p 4699580  |r 2025-01-20  |s 2023-11-21  |w 2019-11-22  |y BK  |k EIE 
952 |0 0  |1 0  |2 ddc  |4 0  |6 515_430000000000000_MAR_2008  |7 0  |8 A  |9 432011  |a BIBING  |b BIBING  |c RES  |d 2019-11-22  |i 4699599  |l 4  |o 515.43 MAR 2008  |p 4699599  |r 2025-01-20  |s 2022-04-29  |w 2019-11-22  |y BK  |k EIE 
952 |0 0  |1 0  |2 ddc  |4 0  |6 515_430000000000000_MAR_2008  |7 0  |8 A  |9 432012  |a BIBING  |b BIBING  |c RES  |d 2019-11-22  |i 4699602  |o 515.43 MAR 2008  |p 4699602  |r 2025-01-20  |w 2019-11-22  |y BK  |k EIE 
952 |0 0  |1 0  |2 ddc  |4 0  |6 515_430000000000000_MAR_2008  |7 0  |8 A  |9 432013  |a BIBING  |b BIBING  |c RES  |d 2019-11-22  |i 4699610  |l 3  |m 1  |o 515.43 MAR 2008  |p 4699610  |r 2025-01-20  |s 2023-09-05  |w 2019-11-22  |y BK  |k EIE 
952 |0 0  |1 0  |4 0  |6 515_430000000000000_MAR_2008  |7 0  |8 R  |9 432015  |a BIBING  |b BIBING  |d 2019-11-22  |i 4772245  |l 1  |o 515.43 MAR 2008  |p 4772245  |q 2019-10-16  |r 2020-08-03  |s 2020-08-03  |w 2019-11-22  |y BK_R  |k TRA 
952 |0 0  |1 0  |2 ddc  |4 0  |6 515_430000000000000_MAR_2008  |7 0  |8 A  |9 432018  |a BIBING  |b BIBING  |c RES  |d 2019-11-22  |i 477227K  |l 4  |o 515.43 MAR 2008  |p 477227K  |r 2025-01-20  |s 2024-03-18  |w 2019-11-22  |y BK  |k TRA